ბათუმის შოთა რუსთაველის სახელმწიფო უნივერსიტეტის ბიბლიოთეკა

გადასახადები №2. 2016 cd. (ბიბ.ჩანაწერი № 52578)

000 -LEADER
fixed length control field 00484nam a2200181Ia 4500
001 - CONTROL NUMBER
control field 19602
003 - CONTROL NUMBER IDENTIFIER
control field GE_BSU
008 - FIXED-LENGTH DATA ELEMENTS--GENERAL INFORMATION
fixed length control field 181216s||||||||xx |||||||||||||| ||und||
040 ## - CATALOGING SOURCE
Transcribing agency GE_BSU
245 ## - TITLE STATEMENT
Title გადასახადები №2. 2016 cd.
260 ## - PUBLICATION, DISTRIBUTION, ETC.
Date of publication, distribution, etc. 2016
300 ## - PHYSICAL DESCRIPTION
Extent cd
653 ## - INDEX TERM--UNCONTROLLED
Uncontrolled term cd
653 ## - INDEX TERM--UNCONTROLLED
Uncontrolled term გადასახადები №2. 2016
653 ## - INDEX TERM--UNCONTROLLED
Uncontrolled term დისკი
653 ## - INDEX TERM--UNCONTROLLED
Uncontrolled term ელექტრონული ჟურნალი
942 ## - ADDED ENTRY ELEMENTS (KOHA)
Koha item type კომპიუტერის ფაილები
ეგზემპლარები
Withdrawn status Lost status Damaged status Not for loan Date acquired Barcode Date last seen Price effective from Koha item type Public note
        2018-12-17 78189 cd 2018-12-17 2018-12-17 კომპიუტერის ფაილები cd